| 000 | 00805nam a2200289 a 4500 | ||
|---|---|---|---|
| 001 | 42872 | ||
| 003 | AR-BaAGN | ||
| 005 | 20231223063007.0 | ||
| 007 | ta | ||
| 008 | 220625s1976 ag |||||r|||| ||||||spa d | ||
| 040 |
_dAR-BaAGN _aAR-BaAGN _bspa _eaacr |
||
| 100 | 1 | _aMallon, Richard D. | |
| 245 | 1 | 0 |
_aLa política económica en una sociedad conflictiva : _bel caso argentino |
| 250 | _a1ª ed. | ||
| 260 |
_aBuenos Aires : _bAmorrortu, _c1976. |
||
| 300 |
_a363 páginas : _btablas |
||
| 336 |
_2rdacontent _btxt |
||
| 337 |
_2rdamedia _bn |
||
| 338 |
_2rdacarrier _bnc |
||
| 490 | 0 | _aBiblioteca de economía política | |
| 650 | 4 |
_aPOLÍTICA ECONÓMICA _91419 |
|
| 650 | 4 |
_aSOCIEDAD _91291 |
|
| 651 | 4 |
_aArgentina _93645 |
|
| 700 | 1 | _aSourrouille, Juan V. | |
| 942 | _cLIBRO | ||
| 999 |
_c42872 _d42872 |
||